000 00258nam a2200109Ia 4500
008 240625s9999 xx 000 0 und d
041 _aeng
082 _a658 FIT
100 _aFITZSIMMONS
245 _aSERVICE MANAGEMENT OPERATIONS STRATEGY A
260 _c2006
999 _c35027
_d35027